| 000 | 00457nam a2200121Ia 4500 | ||
|---|---|---|---|
| 008 | 220216s9999 xx 000 0 und d | ||
| 100 | _aMathew N.M. | ||
| 245 | 0 | _aResearch priorities for rubber against the scenario of globalisation | |
| 260 |
_bIn: Smruthimajari.(Ed. Kuriakose Kumbalakuzhy). Rev. Fr. Paul Pazhampally Memorial Charitable Trust, Kerala, India, pp. 199-207. _c1998 |
||
| 650 | _aEconomic reform | ||
| 650 | _aRubber production | ||
| 942 | _cBS | ||
| 999 |
_c52661 _d52661 |
||